Quizzes
Events
Quiz Creation
Community
Videos
Private Events
Remove Ads
Sign In
Join for FREE
Feedback
Dark Mode
Quiz Categories
Sports
Geography
Music
Movies
Television
Just For Fun
Miscellaneous
History
Literature
Language
Science
Gaming
Entertainment
Religion
Holiday
For Kids
Quiz Lab
Recent
Popular Today
Quiz Kudos Today
Editor Picks
Curator Picks
Quizzes by...
Day
Popularity
Type
Ratings
Length
Year
Community
Subscriptions
Recent Discussions
Orange Saloon
Badges
Playlists
Quests
Create
Leaderboards
Showdown
Live 5
Trivia Bingo
Activity
Puzzle Library
Sporcle Events
Private Events
Virtual Trivia
Globe League
Become a Host
Pub Owners
SporcleCon
Opinionation
Our Games
Videos
Blog
Mobile Apps
Partnerships
Remove Ads and Go Orange
Feedback
Gaming
Video Games
Board Games
Card Games
Pokémon
Mario
Nintendo
Minecraft
Console
Toys
Legend of Zelda
Gaming
Video Games
Board Games
Card Games
Pokémon
Mario
Nintendo
Minecraft
Console
Toys
Legend of Zelda
Random Quiz
Search Sporcle
×
Quiz Lab
Quiz Lab
Gaming
Letter
Type in answers that appear in a list
Type in answers that appear in a list
Classic
Best Score? Go Orange.
Metal Gear Solid A-Z Stats
Can you name the Metal Gear Solid A-Z?
By
dewey_griffin
5m
26 Questions
1,969 Plays
1,969 Plays
1,969 Plays
Comments
Comments
Give Quiz Kudos
Give Quiz Kudos
-
- Ratings
hide this ad
More Info
Forced Order
Answers have to be entered in order
Answers have to be entered in order
Replay
Link that replays current quiz
Next Quiz
Link to next quiz in quiz playlist
You Got
0%
They Got
Avg Score
59%
Avg Friend Score
Upgrade to see
Score Distribution
Jump to the score distribution portion of the page
Score
0/26
Timer
05:00
1
Play Today
Letter
Answer
% Correct
B
Big Boss
97.6%
C
Colonel Roy Campbell
90.4%
H
Hideo Kojima
87.5%
F
Foxhound
87.4%
L
Liquid Snake
86.8%
S
Solid Snake
84%
K
Konami
83.4%
Q
Quiet
82.5%
E
The End
79.2%
O
Revolver Ocelot
74.4%
J
The Joy
73.8%
V
Vamp
73.5%
A
Akiba
71.5%
Letter
Answer
% Correct
R
Raiden
66%
P
Patriot
62.3%
Z
Major Zero
61.1%
M
Mosin Nagant
50.9%
N
Nastasha Romanenko
48.1%
X
Mr. X
46.6%
U
USP
37.7%
Y
Young Snake
25.6%
G
Gekko
23.5%
D
Deepthroat
19.8%
W
Wisemen's Committee
18.1%
I
Interrogation
17.5%
T
Torch
4.4%
Quiz Playlist
Details
Report
Send in Message
Add To Playlist
More Info:
Metal Gear Solid Alphabet Quiz
Classic:
Type in answers that appear in a list
Forced Order:
Answers have to be entered in order
Last Updated: Nov 5, 2018
Quiz Scoreboard
CHALLENGE
Sign Up to Join the Scoreboard
Show All
Scores
Hide
Comments
May contain spoilers
Recently Published
College Basketball Coaching Resumes
by pancakes188
Sports
9m
Billboard Blitz: Fleetwood Mac
by CooCooCachoo
Music
15s
Presidents Visiting Landmarks
by Hejman
History
7m
More to Explore
Quiz From the Vault
Featured Blog Post
Where Did the Easter Bunny Come From?
hide this ad
You Might Also Like...
Tags
Letter Quiz
A-Z
gear
metal
Metal Gear
solid
Today's Top Quizzes in Gaming
Browse Gaming
hide this ad
Today's Top Quizzes in Letter
Browse Letter
Top Contributed Quizzes in Gaming
1
5-to-1: Consoles
2
7-to-1: Board Game Piece Blitz
3
5-to-1: Legend of Zelda
4
Destiny 2 exotic weapons by perk icons
5
League of Legends Pro Players by Career/Team History
6
Franchise by Action Figure
7
Ultimate Genshin Impact Logic Puzzle (up to 4.3)
8
Who's on the WWE 2K24 Cover?
9
Genshin Impact Logic Puzzle Quiz
10
Overwatch Logic Puzzle
Explore More
Trending Topics
Kpop
NBA
Anime
Harry Potter
Crossword
Marvel
Disney
Country
Song
The Office
WWE
Pokémon
Puzzle
NFL
Soccer
hide this ad
More By:
dewey_griffin
Quiz
Plays
Rating
Category
Featured
Created
Metal Gear Solid A-Z
1,969
3.33
Gaming
Mar 14, 2010
Metal Gear Solid Ocelot's Names
1,463
5.00
Gaming
Apr 4, 2010
Metal Gear Solid A-Z 2
1,317
4.40
Gaming
Jul 5, 2010
SEC Teams by Head Coach
1,063
1.67
Sports
Mar 15, 2010
Odysseus' Trials
276
4.00
Religion
Mar 20, 2010
Go to Creator's Profile
Score Distribution
Quiz Creator Spotlight
dewey_griffin
Follow
Send a Message
Quizzes Created
-
Created Quiz Play Count
-
More By This Creator
Popular Quizzes Today
1
Find the US States - No Outlines Minefield
2
Find the Countries of Europe - No Outlines Minefield
3
The Countries of the World
4
Find the US States
5
Risky Map Clicking: Biggest States A-Z
6
US States
7
Popular People in 1961
8
Movies - When Are They Set?
More Gaming Quizzes
Name all Water Type Pokémon!
Quiz Lab
Trending Quizzes
Risky Map Clicking: Least Populous States A-Z
1-10 Letter G Words
1-10 Letter F Words
Risky Map Clicking: Next State Alphabetically
Click the Washington State Counties! (Map)
Recently Updated
Leaping Animals
pecheneg
Reality TV Shows (A-Z)
bhenderson79
Rickey Henderson's Hall of Fame Teammates
pecheneg
Champions League XIs: Arsenal
pecheneg
Quick Pick: Celebrities in WWE's Hall of Fame
aduchscher
A-Z Keypad Blitz II
pecheneg
Multiple Oscar Actors
pecheneg
Mystery Phrase Blitz: Oscar 'Best Actors'
pecheneg
F. Scott Fitzgerald Novels
LTH
Pick 3 Villains
ddd62291
Trending Topics
Anime
Kpop
Crossword
NBA
Disney
Marvel
Harry Potter
Country
The Office
Soccer
WWE
Pokémon
NFL
Song
Puzzle
Your Account Isn't Verified!
In order to create a playlist on Sporcle, you need to verify the email address you used during registration. Go to your
Sporcle Settings
to finish the process.
Report this User
Report this user for behavior that violates our
Community Guidelines
.
Details:
Send Report
Go to the Sporcle.com Mobile Site →
Comments